Slay the Spire trivia 1 - Statistics

General Stats
  • This quiz has been taken 327 times
    266 since last reset
  • The average score is 10 of 24
Answer Stats
Hint Answer % Correct
Which card, costing 1 mana, deals 6 damage? Strike
95%
Red gremlin, act 1 elite Nob
90%
The card that will allow you to steal Time Eater's turn Vault
70%
Who sits on a blue-green rug next to some cards, a small chest, a bag and a knife? Merchant
62%
Only enemy that knows how much hp you have Hexaghost
54%
Name of the relic you get when burning a curse in the bonfire Spirit Poop
53%
What would you call a tapering conical or pyramidal structure on the top of a building? Spire
49%
What is Ironclad's exclusive shop relic? Brimstone
44%
Which enemy can be stunned but isn't made of bronze and can't fly? Shelled Parasite
44%
What will make lizard tail not activate when dying? Fairy in a bottle | Mark of the Bloom
42%
Only non-human featured in the "Thwack" event Nob
41%
Which relic "weeps a constant stream of blood", according to its flavor? Bloody Idol
36%
Relic that can make the most gold Ceramic Fish
33%
What is the game mechanic that can allow an ascension 20 heart kill in three turns? Poison
33%
What can't the middle Darkling do that the other two can? Multi-attack
32%
Apart from bosses, what is the only fight where a smoke bomb cannot be thrown? Spear and Shield
32%
What unupgraded card will instantly kill Spheric Guardian? Judgment
29%
Which card can be cost reduced the most with Snecko Eye? Masterful Stab
28%
Which relic can potentially remove 2 curses from your deck but is not Empty Cage? Astrolabe
24%
What is the card that puts any number of cards from your hand to the bottom of your draw pile? Forethought+
24%
What is the name of the buff shared by the Corrupt Heart and a certain book? Painful Stabs
21%
In weekly patch 56, the Taskmaster became one of the two enemies in the second part of the Colosseum event. Which enemy did it replace? (full exact name required) Gremlin Nob
12%
According to sts wiki, which event will not appear if less than 13 minutes and 20 seconds have elapsed? Secret Portal
11%
Guy that can eat his head??? N'loth
10%
No matching quizzes found
Score Distribution
Percent of People with Each Score
Percentile by Number Answered
Your Score History
You have not taken this quiz since the last reset